Iliade

Saved in:
Bibliographic Details
Main Author: Homero (autor)
Format: Book
Language:Italian
Published: Milán Rizzoli 1952
Subjects:
Tags: Add Tag
No Tags, Be the first to tag this record!

MARC

LEADER 00000nam a2200000 a 4500
001 UCV9141
003 CL-VaPUC
008 920604e19520000IT |||||||||||||||||ita|d
082 0 4 |a 883  |b HOM  |2 21 
100 |a Homero   |e autor  |9 265577 
245 1 0 |a Iliade 
300 |a 356 p 
942 |c BK 
945 |d 19920604 00:00:00 
260 |a Milán  |b Rizzoli  |c 1952 
650 7 |a POESIA EPICA GRIEGA  |2 CL-VaPUC  |9 265215 
583 |a last modification  |c 19920604 00:00:00  |k Rodrigo Vera 
999 |c 214523  |d 214521 
952 |0 0  |1 0  |4 0  |6 883_000000000000000_HOM_1952  |7 0  |8 A  |9 197978  |a BIBARQ  |b BIBARQ  |d 2019-11-14  |i 2655853  |l 1  |o 883 HOM 1952  |p 2655853  |r 2025-01-20  |s 2024-08-08  |w 2019-11-14  |y BK  |k ARQ